00514cam a2200169 4500001001100000008004100011035001500052050002700067110002900094245002400123260003700147300002100184440005900205500003600264500001200300650003200312BFIL007745 1918 spa  aBFIL007745 4aPQ9261b.A575 A45 19182 aAlmeida Garret 1799-1854 0aFray Luis de Sousa. aMadrid :bIbero-Americana,c1918 a130 p. ;c18 cm. 4aLas Cien Mejores Obras de la Literatura Universal ; 32 aFecha de publicacion presumible a1 ejem. 4aTeatro PortuguesxSiglo XIX